000 00359nam a2200157Ia 4500
001 10054
003 GE_BSU
008 181216s||||||||xx |||||||||||||| ||und||
040 _cGE_BSU
245 4 _aThe Economist, may 31st-june 6th 2014
245 _bvolume 411 number 8889
260 _c2014
300 _a78p.30cm.
653 _aThe Economist
942 _cBK
999 _c43326
_d43326